| 000 | 00573nam a2200205Ia 4500 | ||
|---|---|---|---|
| 005 | 20241003113235.0 | ||
| 008 | 131103s9999 xx 000 0 und d | ||
| 020 | _a19726715 | ||
| 040 | _aLoreto College | ||
| 041 | _aEnglish | ||
| 082 |
_a900 _bCAT |
||
| 100 | _aCatchpole, B. | ||
| 245 |
_aWorld history study and revision _b 1718 to the present day _cB. Catchpole |
||
| 260 |
_aLondon _bCollins educational _c1951 |
||
| 300 |
_a48p. _b picture,map |
||
| 650 | _aHistory - World | ||
| 651 | _aBritish economic and social history | ||
| 850 | _aLCBED | ||
| 942 | _cBK | ||
| 999 |
_c28772 _d79251 |
||